Trios #2 - Sudden Death - Statistics

General Stats
  • This quiz has been taken 5,604 times
    2,059 since last reset
  • The average score is 5 of 9
Answers on the Grid
Answers color-coded by a green-red scale on the quiz's grid according to % correct below.
Coffee
Kidney
Lima
Spelling
Honey
Bumble
Pointer
Middle
Ring
Uruguay
London
Liver
Maths
Hoop
Last
 
Answer Stats
Answer % Correct
Bees Honey
68%
Beans Kidney
67%
Bees Bumble
66%
Bees Spelling
65%
Beans Lima
63%
Beans Coffee
59%
Fingers Ring
57%
Fingers Middle
53%
Fingers Pointer
51%
No matching quizzes found
Score Distribution
Percent of People with Each Score
Percentile by Number Answered
Your Score History
You have not taken this quiz since the last reset